[Event "Sachsen-Anhalt Verbandsliga 1920"]
[Site "Sachsen Anhalt"]
[Date "2019.12.08"]
[Round "4.7"]
[White "Dubbratz, Frank"]
[Black "Bergmann, Marcus1"]
[Result "0-1"]
[WhiteElo "1885"]
[BlackElo "1896"]
[PlyCount "84"]
[EventDate "2019.09.29"]
[EventType "team-tourn"]
[EventRounds "9"]
[EventCountry "GER"]
[SourceTitle "EXT 2023"]
[Source "ChessBase"]
[SourceDate "2022.10.05"]
[SourceVersion "1"]
[SourceVersionDate "2022.10.05"]
[SourceQuality "1"]
[WhiteTeam "Graefenhainichen"]
[BlackTeam "Reideburg 90 Halle"]
[WhiteTeamCountry "GER"]
[BlackTeamCountry "GER"]

1. e4 c5 2. Nc3 Nc6 3. f4 e6 4. Nf3 Nf6 5. Bb5 a6 6. Bxc6 bxc6 7. 0-0 d5 8. d3 Be7 9. b3 0-0 10. Qe1 Nd7 11. Qg3 Nb6 12. f5 Kh8 13. Ne5 Qe8 14. Ng4 exf5 15. exf5 f6 16. Ba3 Qd8 17. Rae1 Bd6 18. Qh4 Ra7 19. Re3 d4 20. Rh3 g5 21. fxg6 Bxg4 22. Qxg4 dxc3 23. Qf5 Nd5 24. Bc1 Rg8 25. Rff3 Qe8 26. Rxh7+ Rxh7 27. gxh7 Rg7 28. Qe4 Qe5 29. g3 Rxh7 30. Rf5 Qd4+ 31. Kg2 Re7 32. Rh5+ Kg7 33. Qh7+ Kf8 34. Qh8+ Kf7 35. Qh7+ Ke8 36. Qg6+ Kd7 37. Qf5+ Kc7 38. Rh8 Rd7 39. Qe6 Ne7 40. Rh5 Be5 41. Kf1 Qd5 42. Qg4 Qh1+ 0-1

[Event "Sachsen-Anhalt Verbandsliga 1920"]
[Site "Sachsen Anhalt"]
[Date "2019.11.17"]
[Round "3.7"]
[White "Schneider, Jens Erik"]
[Black "Dubbratz, Frank"]
[Result "1/2-1/2"]
[WhiteElo "1937"]
[BlackElo "1885"]
[PlyCount "79"]
[EventDate "2019.09.29"]
[EventType "team-tourn"]
[EventRounds "9"]
[EventCountry "GER"]
[SourceTitle "EXT 2023"]
[Source "ChessBase"]
[SourceDate "2022.10.05"]
[SourceVersion "1"]
[SourceVersionDate "2022.10.05"]
[SourceQuality "1"]
[WhiteTeam "Dessau"]
[BlackTeam "Graefenhainichen"]
[WhiteTeamCountry "GER"]
[BlackTeamCountry "GER"]

1. d4 Nf6 2. c4 c5 3. d5 b5 4. cxb5 a6 5. bxa6 g6 6. Nc3 Bxa6 7. h4 d6 8. Nh3 Bg7 9. Nf4 h5 10. Qc2 Nbd7 11. Ne6 fxe6 12. dxe6 Nf8 13. Qa4+ N6d7 14. exd7+ Qxd7 15. Qc2 Qe6 16. Rh3 Bf6 17. Ne4 Qc4 18. Nxf6+ exf6 19. Qxc4 Bxc4 20. b3 Be6 21. Rf3 Nd7 22. Bb2 Kf7 23. e4 Rhb8 24. Rc3 Rb4 25. f3 Nb6 26. Kd2 Na4 27. bxa4 Rxb2+ 28. Rc2 Rxc2+ 29. Kxc2 Rxa4 30. a3 f5 31. Bb5 Ra5 32. Bc6 fxe4 33. fxe4 Kf6 34. Kd3 Ke5 35. g3 Bg4 36. a4 Bf3 37. Rf1 Bg4 38. Ra1 Bf3 39. Rf1 Bg4 40. Ra1 1/2-1/2

[Event "Goch op 16th"]
[Site "Goch"]
[Date "2005.10.03"]
[Round "7"]
[White "Rosskothen, Arnd"]
[Black "Dubbratz, Frank"]
[Result "1-0"]
[WhiteElo "2190"]
[BlackElo "2091"]
[PlyCount "99"]
[EventDate "2005.09.30"]
[EventType "swiss"]
[EventRounds "7"]
[EventCountry "GER"]
[SourceTitle "EXT 2007"]
[Source "ChessBase"]
[SourceDate "2006.11.23"]
[SourceVersion "1"]
[SourceVersionDate "2006.11.23"]
[SourceQuality "1"]

1. e4 b6 2. d4 Bb7 3. Nc3 e6 4. a3 Ne7 5. Nf3 d5 6. Bb5+ c6 7. Ba4 dxe4 8. Nxe4 Nd5 9. 0-0 Be7 10. c4 Nf6 11. Nxf6+ Bxf6 12. d5 0-0 13. dxe6 fxe6 14. Qe2 Qe7 15. Ne5 c5 16. Bf4 Bxe5 17. Bxe5 Nc6 18. Bxc6 Bxc6 19. Rad1 Rad8 20. Bc3 Qf7 21. Rxd8 Rxd8 22. Qg4 Qg6 23. Qxg6 hxg6 24. Re1 Kf7 25. h4 Rd7 26. f3 Ba4 27. Re4 Bc2 28. Rf4+ Ke8 29. Kf2 Rf7 30. Rxf7 Kxf7 31. Ke3 a6 32. b4 Ke7 33. Bxg7 Kd6 34. g4 cxb4 35. axb4 a5 36. Bf8+ Kd7 37. b5 a4 38. h5 gxh5 39. gxh5 Ke8 40. Ba3 Bb3 41. h6 Kf7 42. Kd4 Kg6 43. Bc1 Bd1 44. f4 Be2 45. c5 bxc5+ 46. Kxc5 a3 47. Bxa3 Kxh6 48. b6 Ba6 49. Kd6 Bc8 50. Bb2 1-0

[Event "Goch op 14th"]
[Site "Goch"]
[Date "2003.??.??"]
[Round "1"]
[White "Dubbratz, Frank"]
[Black "Weritz, Juergen"]
[Result "0-1"]
[WhiteElo "1795"]
[BlackElo "2295"]
[PlyCount "58"]
[EventDate "2003.10.02"]
[EventType "swiss"]
[EventRounds "7"]
[EventCountry "GER"]
[SourceTitle "EXT 2006"]
[Source "ChessBase"]
[SourceDate "2005.11.24"]
[SourceVersion "1"]
[SourceVersionDate "2005.11.24"]
[SourceQuality "1"]

1. e4 g6 2. d4 Bg7 3. Nf3 d6 4. Bd3 Nf6 5. 0-0 0-0 6. c4 Na6 7. a3 e5 8. dxe5 dxe5 9. Bc2 Qe7 10. Nc3 c6 11. Bg5 Nc5 12. Qe2 Ne6 13. Rad1 Nxg5 14. Nxg5 Nh5 15. Nh3 Qh4 16. Qe3 Be6 17. b3 Nf4 18. Qg3 Nxh3+ 19. gxh3 Qxg3+ 20. hxg3 Bxh3 21. Rfe1 Bg4 22. Rd3 Rfd8 23. Ree3 Bf8 24. b4 Be6 25. Rxd8 Rxd8 26. Rd3 Ra8 27. c5 a5 28. b5 Bxc5 29. bxc6 bxc6 0-1

[Event "Goch op 14th"]
[Site "Goch"]
[Date "2003.??.??"]
[Round "4"]
[White "Zschischang, Gunnar"]
[Black "Dubbratz, Frank"]
[Result "1/2-1/2"]
[WhiteElo "2220"]
[BlackElo "1795"]
[PlyCount "86"]
[EventDate "2003.10.02"]
[EventType "swiss"]
[EventRounds "7"]
[EventCountry "GER"]
[SourceTitle "EXT 2006"]
[Source "ChessBase"]
[SourceDate "2005.11.24"]
[SourceVersion "1"]
[SourceVersionDate "2005.11.24"]
[SourceQuality "1"]

1. Nc3 d6 2. d4 Nf6 3. Bg5 g6 4. Qd2 Bg7 5. Bh6 Bxh6 6. Qxh6 Bf5 7. 0-0-0 Nc6 8. f3 e5 9. d5 Nb4 10. e4 Bd7 11. a3 Na6 12. Nh3 Qe7 13. Nf2 Nc5 14. g4 Qf8 15. Qe3 a6 16. h4 h5 17. g5 Nh7 18. Nd3 Nxd3+ 19. Bxd3 f6 20. Ne2 fxg5 21. hxg5 Qe7 22. f4 Bg4 23. Rdg1 Rf8 24. Rxg4 hxg4 25. Qg3 0-0-0 26. Qxg4+ Kb8 27. Rg1 exf4 28. Nd4 Rde8 29. Ne6 Rf7 30. e5 Nf8 31. exd6 Qxd6 32. Bc4 f3 33. Rf1 Nxe6 34. dxe6 Qf4+ 35. Qxf4 Rxf4 36. Bb3 c5 37. Bd5 Rf5 38. c4 b5 39. b3 Kc7 40. Kd2 Kd6 41. Ke3 Rxd5 42. cxd5 Kxd5 43. Rxf3 Rxe6+ 1/2-1/2